00570nam a22001577a 450000500170000001000150001702000270003203500140005903700140007308200160008724500770010326000550018027000890023530000270032450000610035120181217150127.0 aENG-124557 c1295.00a9789352807079 aEN-108089 bDBAD/PUB. a305.9080954 aDisability in south asia:ced. by Anita Ghaibknowledge and experience / aNew DelhibSage Publications India Pvt. Ltd.c2018 aB1/I-1, Mohan Cooperative Industrial Area Mathura Road Post Bag 7bNew Delhie110044 axliii,443p.c22cm.(Hb) aIt includes about the editor and contributors and index